Martingale Hardy spaces and their applications in Fourier analysis
Αποθηκεύτηκε σε:
| Κύριος συγγραφέας: | |
|---|---|
| Μορφή: | Βιβλίο |
| Γλώσσα: | English |
| Δημοσίευση: |
Berlin ; New York :
Springer-Verlag,
c1994
|
| Σειρά: | Lecture notes in mathematics (Springer-Verlag)
; 1568 |
| Θέματα: | |
| Ετικέτες: |
Προσθήκη ετικέτας
Δεν υπάρχουν, Καταχωρήστε ετικέτα πρώτοι!
|
MARC
| LEADER | 00000cam a2200000 i 4500 | ||
|---|---|---|---|
| 001 | 1/30167 | ||
| 008 | 960704s1994 eng d | ||
| 020 | |a 3540576231 | ||
| 020 | |a 0387576231 | ||
| 035 | |l 10038501 | ||
| 035 | |a 1995 | ||
| 040 | |a GR-MY-UA |b gre |e aacr | ||
| 041 | 0 | |a eng | |
| 082 | 0 | |a 519.287 |2 (20) | |
| 100 | 1 | |a Weisz, Ferenc |d 1964- | |
| 245 | 1 | 0 | |a Martingale Hardy spaces and their applications in Fourier analysis / |c Ferenc Weisz |
| 260 | |a Berlin ; New York : |b Springer-Verlag, |c c1994 | ||
| 300 | |a viii, 217 p.; |c 24 cm. | ||
| 490 | 1 | |a Lecture notes in mathematics (Springer-Verlag) |v ; 1568 | |
| 504 | |a Includes bibliographical references and index | ||
| 650 | 0 | 0 | |a Martingales (Mathematics) |
| 650 | 0 | 0 | |a Hardy spaces. |
| 650 | 0 | 0 | |a Fourier analysis. |
| 830 | 0 | |a Lecture notes in mathematics (Springer-Verlag) |v ; 1568 | |
| 852 | |a INST |b SAMOS |e 19960704 |h 519.287 WEI |p 005300005313 |q 005300005313 |t BK |y 0 | ||
| 909 | |a Σ |b 039222 | ||